Stadiony klubów Serie A w sezonie 2020/21. - Statystyki

Ogólne statystyki
  • Ten quiz został rozwiązany 44 razy
  • Średni wynik to 4 z 20
Statystyki odpowiedzi
Klub Stadion % Poprawnych
Inter Giuseppe Meazza/San Siro
98%
AC Milan Giuseppe Meazza/San Siro
98%
Juventus Allianz Stadium
83%
Napoli San Paolo
37%
Fiorentina Artemio Franchi
20%
Sassuolo Mapei Stadium
17%
Udinese Dacia Arena
10%
Sampdoria Luigi Ferraris
10%
Genoa Luigi Ferraris
10%
Cagliari Sardegna Arena
10%
Atalanta Gewiss Stadium
5%
Hellas Verona Marcantonio Bentegodi
5%
Bologna Stadio Renato Dall’Ara
5%
Spezia Alberto Picco
2%
Parma Ennio Tardini
2%
Lazio Olimpico di Roma
2%
AS Roma Olimpico di Roma
2%
Torino Stadio Grande Torino
2%
Benevento Ciro Vigorito
0%
Crotone Ezio Scida
0%
Nie znaleziono quizów pasujących do podanych kryteriów
Rozkład punktacji
Procent ludzi z każdym wynikiem
Percentyl według liczby udzielonych odpowiedzi
Twoja historia wyników
Nie rozwiązałeś tego quizu